Gaming Quiz

Random Gaming Quiz

COD subtitles Quiz Stats

 Plays Quiz not verified by Sporcle

Challenge
Share
Tweet
Embed
Score 0/6 Timer 10:00
0 Plays Today
% Correct
modern warfare
94.7%
black ops
94.7%
world at war
89.5%
modern warfare 2
89.5%
cod 2
73.7%
cod 3
73.7%

You're not logged in!

Compare scores with friends on all Sporcle quizzes.
Join for Free
OR
Log In

You Might Also Like...

Show Comments

Extras

Created Apr 12, 2011ReportNominate
Tags:cod, subtitle

Top Quizzes Today


Score Distribution

Your Account Isn't Verified!

In order to create a playlist on Sporcle, you need to verify the email address you used during registration. Go to your Sporcle Settings to finish the process.

Report this User

Report this user for behavior that violates our Community Guidelines.

Details: